What is their country of birth (clickable)? Quiz Stats

 Plays Quiz not verified by Sporcle

Score 0/60 Timer 10:00
0 Plays Today
Name Country % Correct
Hugh JackmanAustralia
84%
Johannes KeplerHoly Roman Empire (modern Germany)
79.2%
Nicki MinajTrinidad and Tobago
79.2%
Shania TwainCanada
76.9%
Vasco da GamaPortugal
76%
Heath LedgerAustralia
76%
Keith UrbanAustralia
74.1%
Alanis MorissetteCanada
73.1%
Chris HemsworthAustralia
72%
Charlize TheronSouth Africa
66.4%
ShakiraColombia
64.3%
Pablo NerudaChile
64%
Omar SharifEgypt
64%
ShaggyJamaica
63%
René MagritteBelgium
62.5%
Mata HariNetherlands
62.5%
Michael J. FoxCanada
61.4%
Pamela AndersonCanada
61.4%
Sophia LorenItaly
60.7%
Salma HayekMexico
60.7%
Mike MyersCanada
60.7%
MobyUnited States
59.3%
El GrecoGreece
57.9%
Ernest RutherfordNew Zealand
57.7%
RihannaBarbados
57.1%
Johann Sebastian BachGermany
57.1%
FergieUnited States
55.6%
Julie AndrewsUnited Kingdom
55.2%
Alexander the GreatGreece
55%
Gloria EstefanCuba
53.6%
Name Country % Correct
DidoUnited Kingdom
51.9%
Frédéric ChopinPoland
51.4%
Avril LavigneCanada
50%
Christian BaleUnited Kingdom
49.3%
Emma WatsonFrance
48.6%
Wyclef JeanHaiti
48.6%
James JoyceIreland
46.4%
Samuel BeckettIreland
46.3%
Harry HoudiniAustria-Hungary (modern Hungary)
44.3%
Mother TeresaMacedonia
44.3%
Joni MitchellCanada
42.1%
Natalie PortmanIsrael
42.1%
MorrisseyUnited Kingdom
41.8%
Elie WieselKingdom of Romania
40.3%
Eddie Van HalenNetherlands
40.3%
Mila KunisUkraine
39.3%
Keira KnightleyUnited Kingdom
38.8%
Brigitte BardotFrance
38.6%
David Ben-GurionPoland
38.6%
Prince Philip, Duke of EdinburghGreece
36.4%
Cate BlanchettAustralia
35.7%
Nikola TeslaCroatia
35%
Erwin SchrödingerAustria
35%
Errol FlynnAustralia
35%
Amy WinehouseUnited Kingdom
34.3%
Irving BerlinRussian Empire
33.8%
Joseph ConradUkraine
33.6%
Gregor MendelCzech Republic
29.3%
Jean-Jacques RousseauSwitzerland
28.6%
Bruce WillisWest Germany
23.6%

You're not logged in!

Compare scores with friends on all Sporcle quizzes.
OR
Log In

Show Comments

Extras

Top Quizzes Today


Score Distribution

Your Account Isn't Verified!

In order to create a playlist on Sporcle, you need to verify the email address you used during registration. Go to your Sporcle Settings to finish the process.

Report this User

Report this user for behavior that violates our Community Guidelines.

Details: